Normal view
MARC view
- Kazmi, M. Afzal.
Entry Personal Name
001 - CONTROL NUMBER
- control field: 2795
003 - CONTROL NUMBER IDENTIFIER
- control field: NUST
005 - DATE AND TIME OF LATEST TRANSACTION
- control field: 20170616103804.0
008 - FIXED-LENGTH DATA ELEMENTS
- fixed length control field: 170616|| aca||aabn | a|a d
040 ## - CATALOGING SOURCE
- Original cataloging agency: NUST
- Transcribing agency: NUST
100 ## - HEADING--PERSONAL NAME
- Personal name: Kazmi, M. Afzal.
670 ## - SOURCE DATA FOUND
- Source citation: Work cat.: (NUST)0: Kazmi, Quddusi B. 2793, Biodiversity and biogeography of caridean shrimps of Pakistan /
